| 000 | 01075cam a2200301 a 4500 | ||
|---|---|---|---|
| 001 | 12504621 | ||
| 005 | 20141203110341.0 | ||
| 008 | 010816t2002 xxuadk frb 001 0 eng d | ||
| 010 | _a2001045845 | ||
| 020 | _a0130181765 | ||
| 020 | _a9780130181763 | ||
| 040 |
_aDLC _cDLC _dDLC _dEG-ScBUE |
||
| 082 | 0 | 0 |
_a660.2804 _222 _bCRO |
| 100 | 1 |
_aCrowl, Daniel A. _936769 |
|
| 245 | 1 | 0 |
_aChemical process safety : _bfundamentals with applications / _cDaniel A. Crowl, Joseph F. Louvar. |
| 250 | _a2nd ed. | ||
| 260 |
_aUpper Saddle River, United States : _bPrentice Hall PTR, _cc.2002. |
||
| 300 |
_axix, 625 p. : _bcharts, forms, tables ; _c25 cm. |
||
| 490 | 0 | _aPrentice-Hall international series in the physical and chemical engineering sciences | |
| 500 | _aIndex : p. 593-624. | ||
| 500 | _aIncludes appendixes. | ||
| 504 | _aIncludes bibliographical references. | ||
| 650 | 0 |
_aChemical plants _xSafety measures _96250 |
|
| 653 |
_bENGGEN _bENGCHE _cDecember2014 |
||
| 655 |
_vreading book _934232 |
||
| 700 | 1 |
_aLouvar, Joseph F. _936770 |
|
| 942 |
_2ddc _k660.2804 CRO |
||
| 999 |
_c18708 _d18680 |
||